| 000 | 00598nam a2200181 i 4500 | ||
|---|---|---|---|
| 001 | 124988 | ||
| 003 | ES-MaACL | ||
| 005 | 20230906192530.0 | ||
| 007 | t| | ||
| 008 | 070425s1933 sp ||||1| spa d | ||
| 245 | 0 | 0 |
_aCaja Nacional de Seguro de Accidentes del Trabajo _b: fines. Organización. Operaciones. |
| 260 |
_aMadrid : _bA. Marzo, _c1933. |
||
| 300 |
_a23 p. ; _c21 cm. |
||
| 490 | 1 |
_aPublicaciones del Instituto Nacional de Previsión ; _v381 |
|
| 830 | 0 |
_aPublicaciones del Instituto Nacional de Previsión ; _v381 _9181151 |
|
| 852 |
_aES-MaACL _jC-12642(1) |
||
| 999 |
_c124988 _d124988 |
||